000 01130nam a22002652 4500
001 707
003 BD-RjUL
005 20211208233224.0
008 131123s1969 xx 000 0 eng d
035 _aOCLC ocm00935975 from D970313M
_a(BD-RjUL)727
040 _aKSU
_cKSU
_dEQO
_dBD-RjUL
_beng
041 _aeng
082 _a018.10973
_bNAT 1969
090 _aZ1215
_b.U5 1963-67
245 0 4 _aThe National union catalog :
_ba cumulative author list representing Library of Congress printed cards and titles reported by other American libraries, 1963-1967 /
_cCompiled, edited and approved by the Library of Congress with the cooperation of the Resources Committee of the Resources and Technical Services Division, American Library Association.
260 _aAnn Arbor :
_bJ. W. Edwards,
_c1969.
300 _a67 v.
_c29 cm.
490 _vV-52
650 0 _aUnion catalogs.
_92113
710 2 _aAmerican Library Association.
_bCommittee on Resources of American Libraries.
_92114
710 2 _aLibrary of Congress.
_92115
740 4 0 _aThe National union catalog.
740 4 0 _aThe Library of Congress catalogs.
942 _2ddc
_cBK
999 _c707
_d707